| 000 | 01036nam0a22002771 4500 | ||
|---|---|---|---|
| 001 | rc\3192904 | ||
| 005 | 20250530093221.0 | ||
| 021 |
_aRU _b77-84568 |
||
| 021 |
_aRU _bРг14910-77 |
||
| 035 | _a(NLR Aleph) 007340911 | ||
| 090 |
_a6108114 _c6108114 |
||
| 100 | _a20120628d1976 |||y0rusy50 ca | ||
| 101 | 0 | _arus | |
| 102 | _aRU | ||
| 105 | _aa z ||||| | ||
| 200 | 1 |
_aРаспад пересыщенных твердых растворов. Старение сплавов _eКонспект лекций _fМ-во выш. и сред. спец. образ. РСФСР. Урал. политехн. ин-т им. С.М. Кирова |
|
| 210 |
_aСвердловск _cБ. и. _d1976 |
||
| 215 |
_a43 с. _cил. _d20 |
||
| 320 | _aБиблиогр.: с. 42 | ||
| 700 | 1 |
_aГрачев _bС.В. _gСергей Владимирович |
|
| 701 | 1 |
_aЧервинский _bВ.Ф. _gВалентин Францевич |
|
| 801 | 0 |
_aRU _bNLR _gpsbo |
|
| 801 | 1 |
_aRU _bELAR _2rusmarc |
|
| 852 |
_aNLR _j77-4/30275 |
||
| 942 | _cBOOK | ||
| 980 | _aNB | ||